000 00763nam a2200253Ia 4500
003 OSt
005 20220925210902.0
006 a|||||r|||| 00| 0
007 ta
008 220923b |||||||| |||| 00| 0 eng d
037 _cGeneral Book
040 _aRTL
_cRTL
_beng
041 _2eng
_aeng
082 _aT:3(U47).2.N7, L8
100 _aTiagi B Ed.
_9273378
245 0 _aTeaching of ecology and environmental sciences in
260 _aJaipur
_bInternational Scientific Publications India
_c1978
300 _aviii, 187p.
_ccm.
650 _a Education
650 _aTeaching Techniques
_9234490
700 _a Gopal B Ed.
_9273379
942 _hT:3(U47).2.N7, L8
_cGB
_2CC
999 _c556167
_d556167